West Bengal - On a Map! - Statistics

General Stats
  • This quiz has been taken 240 times
  • The average score is 4 of 9
Answers on the Map
Answers color-coded by a green-red scale on the quiz's map according to % correct below.
 
Answer Stats
Hint Answers % Correct
Capital city - 14.1 m Kolkata
99%
Bordering bay Bay of Bengal
69%
Mangrove park, home to man-eating tigers Sundarbans
44%
City - 1.24 m Asansol
37%
City - 701 k Siliguri
34%
City - 581 k Durgapur
32%
Northern Nepali-majority cultural area and proposed state {Gorkha}land
32%
City - 347 k Bardhaman
22%
Tallest mountain - elevation: 3,665 m, Mount Everest and Kangchenjunga are visible from the summit Sandakphu
15%
No matching quizzes found
Score Distribution
Percent of People with Each Score
Percentile by Number Answered
Your Score History
You have not taken this quiz